书目信息 |
| 题名: |
铁路信号工问答
|
|
| 作者: | 郑州铁路局工电处 编 | |
| 分册: | 第一册 铁路信号安全知识 | |
| 出版信息: | 北京 中国铁道出版社 1978 |
|
| 页数: | 82页 | |
| 开本: | 19cm | |
| 丛书名: | ||
| 单 册: | ||
| 中图分类: | U284 | |
| 科图分类: | ||
| 主题词: | 铁路信号--问答 , 信号设备-机车--维修 , 自动停车装置--维修 , 机车-信号设备--维修 | |
| 电子资源: | ||
| ISBN: | ||
| 000 | 00877nam 2200265 45 | |
| 001 | 0191007396 | |
| 005 | 20070803094743.75 | |
| 010 | @dCNY0.10 | |
| 091 | @a15043.4006 | |
| 100 | @a19910412d1978 em y0chiy0121 ea | |
| 101 | 0 | @achi |
| 102 | @aCN@b110000 | |
| 105 | @ay z 000yy | |
| 200 | 10 | @a铁路信号工问答@ATIE LU XIN HAO GONG WEN DA@h第一册@i铁路信号安全知识@IYI PIN JI CHE XIN HAO DE WEI XIU@f郑州铁路局工电处编@Fzheng zhou tie lu ju gong dian chu bian |
| 210 | @a北京@c中国铁道出版社@d1978 | |
| 215 | @a82页@d19cm | |
| 517 | 1 | @a铁路信号安全知识@Atie lu xin hao an quan zhi shi |
| 606 | @a铁路信号@x问答 | |
| 606 | @a信号设备-机车@x维修 | |
| 606 | @a自动停车装置@x维修 | |
| 606 | @a机车-信号设备@x维修 | |
| 690 | @aU284 | |
| 701 | 0 | @a郑州铁路局工电处@Azheng zhou tie lu ju gong dian chu@4编 |
| 801 | 0 | @aCN@bTSSF@c20070803 |
| 905 | @a10447@dU284@e186:1 | |
| 铁路信号工问答.第一册.铁路信号安全知识/郑州铁路局工电处编.-北京:中国铁道出版社,1978 |
| 82页;19cm |
| ISBN :CNY0.10 |
| ● |
| 相关链接 |
|
|
|
|
正题名:铁路信号工问答
索取号:U284/186:1
 
预约/预借
| 序号 | 登录号 | 条形码 | 馆藏地/架位号 | 状态 | 备注 |
| 1 | 0790691 | 207906916 | 第二样本阅览室/ [索取号:U284/186:1] | 在馆 |